Konfliktuskezelés az agárdi Viking Hotelben
| Szerző: | |
|---|---|
| További közreműködők: | |
| Dokumentumtípus: | Záródolgozat |
| Kulcsszavak: | Velencei-tó Viking Hotel, Agárd Konfliktus, szállodai Konfliktuskezelés Elemzés |
| Online Access: | http://dolgozattar.uni-bge.hu/59424 |
MARC
| LEADER | 00000nta a2200000 i 4500 | ||
|---|---|---|---|
| 001 | dolg59424 | ||
| 005 | 20260115144329.0 | ||
| 008 | 260115suuuu hu o 000 hun d | ||
| 040 | |a BGE Dolgozattár Repozitórium |b hun | ||
| 041 | |a hu | ||
| 100 | 1 | |a Zorn Bence | |
| 245 | 1 | 0 | |a Konfliktuskezelés az agárdi Viking Hotelben |c Zorn Bence |h [elektronikus dokumentum] |
| 516 | |a Final_paper | ||
| 695 | |a Velencei-tó | ||
| 695 | |a Viking Hotel, Agárd | ||
| 695 | |a Konfliktus, szállodai | ||
| 695 | |a Konfliktuskezelés | ||
| 695 | |a Elemzés | ||
| 700 | 1 | |a Fekete-Frojimovics Dr. Zsófia |e ths | |
| 856 | 4 | 0 | |u http://dolgozattar.uni-bge.hu/59424/1/Zorn-Bence.pdf |z Dokumentum-elérés |